01918nam a2200313uu 4500001000800000005001700008008004100025020001800066035001200084040001300096041000800109082000800117100004100125245003100166260003400197300003500231500008700266520076500353650005301118650003101171650003501202650003601237700004201273700004201315700004501357942000901402999001901411952017401430145406520260508090745.0161102s2004 spa  a9788448142773 a1454065 ccomduadb aspa 4a65810aDe Feo , Joseph A.4auteaut972094510aMás allá de Seis Sigma aMadrid :bMcGraw-Hill,c2004. a389 páginas :bilustraciones aGENERAL : Título de la caratula "Juran Institute's más allá de Seis Sigma" .3 aEsta obra, presenta la metodología de Juran Institute, perfeccionada a través de múltiples experiencias en distintas empresas mundiales, para lograr una cultura basada en la mejora continua del rendimiento. - Investigación y experiencia perfeccionada en el tiempo, que le proporcionará las respuestas a las preguntas más frecuentes sobre los procesos de cambio y la forma de hacerlos sostenibles. - Mejora continua en el liderazgo, estrategia, organización, tiempo de ciclo, velocidad de desarrollo de nuevos productos, control de calidad, cultura, adaptabilidad y más. - Hacer rápidos progresos usando los métodos de mejora radical de Juran Institute. - Remover las barreras al cambio, adaptando las lecciones aprendidas en otras empresas. aSeis sigma (Norma de control de calidad)9183010 aMejoramiento continuo9827 7aControl de calidad2lemb95414 aMetodología Seis Sigma97236310aBarnard, William W.4auteaut974794810aJuran, Joseph Moses4auieaui947217510aBabé Romero, Ignacio4trletrl9720946 cBOOK c745457d745457 001040708GENaBCbBCd2016-11-02eMaterial pagado por sancióng30000.00iC1253943l2m1o658.562 D313p1016463r2025-11-06 16:28:59s2025-07-26t1w2023-05-03yBOOK